Vanet Fleet Management / (Record no. 190713)

000 -LEADER
fixed length control field 00785 a2200193 4500
003 - CONTROL NUMBER IDENTIFIER
control field NUST
005 - DATE AND TIME OF LATEST TRANSACTION
control field 20251125122348.0
040 ## - CATALOGING SOURCE
Transcribing agency Nust
082 ## - DEWEY DECIMAL CLASSIFICATION NUMBER
Classification number 621.382,HAD
100 ## - MAIN ENTRY--PERSONAL NAME
Personal name Hadi, Muhammad Umair (TE-45/TCC-20)
9 (RLIN) 131494
245 ## - TITLE STATEMENT
Title Vanet Fleet Management /
Statement of responsibility, etc. Muhammad Umair Hadi, Farhan Nazir, Warda Naim and Haleemah Zia TE-45/TCC-20
260 ## - PUBLICATION, DISTRIBUTION, ETC.
Name of publisher, distributor, etc. Rawalpindi
Place of publication, distribution, etc. MCS (NUST)
Date of publication, distribution, etc. 2012
300 ## - PHYSICAL DESCRIPTION
Extent x,73 p.;
505 ## - FORMATTED CONTENTS NOTE
Formatted contents note Introduction (Page-1), literature Review (Page-6), Project Design and Environmental Selection (Page-22), Specification (Page-27), System Module (Page-34), Installation of Equipment (Page-43), Bibliography (Page-71).
650 ## - SUBJECT ADDED ENTRY--TOPICAL TERM
Topical term or geographic name entry element UG Projects
9 (RLIN) 98716
651 ## - SUBJECT ADDED ENTRY--GEOGRAPHIC NAME
Geographic name TE-45/TCC-20
9 (RLIN) 131495
700 ## - ADDED ENTRY--PERSONAL NAME
Personal name Supervised by Maj Asim Rasheed
9 (RLIN) 132056
942 ## - ADDED ENTRY ELEMENTS (KOHA)
Koha item type Project Report
Source of classification or shelving scheme
Holdings
Withdrawn status Lost status Source of classification or shelving scheme Damaged status Not for loan Permanent Location Current Location Shelving location Date acquired Full call number Barcode Date last seen Price effective from Koha item type Public note
          Military College of Signals (MCS) Military College of Signals (MCS) Reference 12/12/2016 621.382,HAD MCSPTC-146 12/08/2016 12/12/2016 Project Report Almirah No. 94, Shelf No. 3
          Military College of Signals (MCS) Military College of Signals (MCS) Reference 12/12/2016 621.382,HAD MCSPTE-205 12/08/2016 12/12/2016 Project Report  
© 2023 Central Library, National University of Sciences and Technology. All Rights Reserved.